Films avec Dominique Pinon par image - Statistiques

Statistiques générales
  • Ce quiz a été pris 24 fois
    12 depuis la dernière actualisation
  • Le résultat moyen est 5 sur 16
Statistiques - réponses
Par images Réponse % Correct
Le Fabuleux Destin d'Amélie Poulain
83%
La Folle Histoire de Max et Léon
58%
Alien, la résurrection
50%
Delicatessen
50%
Les Profs
50%
Dikkenek
42%
La Cité des enfants perdus
42%
Un long dimanche de fiançailles
42%
Micmacs à tire-larigot
25%
Apaches
17%
Dante 01
17%
Diva
17%
Roman de gare
17%
Crimes à Oxford
8%
La Dormeuse Duval
8%
L'Extravagant Voyage du jeune et prodigieux T.S. Spivet
8%
Aucun quiz correspondant
Distribution des résultats
% des personnes avec chaque résultat
Percentile par nombre de réponses
Votre historique - résultats
Vous n’avez pas pris ce quiz depuis la dernière actualisation